| 000 | 00000nam##2200000za#4500 |
| 001 | 9.663570 |
| 003 | CaOODSP |
| 005 | 20210615121114 |
| 007 | ta |
| 008 | 150407|2002||||xxc||||| f|0| 0 fre|d |
| 020 | |a0-662-66411-6 |
| 040 | |aCaOODSP|bfre |
| 041 | |aeng |
| 041 | |afre |
| 043 | |an-cn--- |
| 086 | 1 |aSC94-91/2002 |
| 110 | 1 |aCanada.|bCentre canadien de gestion. |
| 245 | 10|aSe donner un but commun : |bl'intégration des sciences et de la politique dans la fonction publique du Canada / |cpar L. Sarah Wren. |
| 260 | |aOttawa - Ontario : |bCentre canadien de gestion |c2002. |
| 300 | |axii, 33p. : |bréférences ; |c28 cm. |
| 563 | |aCouverture souple |
| 590 | |a02-31|b2002-08-02 |
| 691 | 07|aFonction publique|2gcpds |
| 691 | 07|aGouvernement fédéral|2gcpds |
| 691 | 07|aIntégration|2gcpds |
| 691 | 07|aPolitique|2gcpds |
| 691 | 07|aSciences|2gcpds |
| 720 | 1 |aWren, L. Sarah |
| 776 | 0#|tSe donner un but commun : |w(CaOODSP)9.630757 |
| 776 | 0#|tCreating common purpose : |w(CaOODSP)9.686280 |
| 791 | |tCreating common purpose : |eeng|w(CaOODSP)9.663569 |